000 00572nam a2200205Ii 4500
003 JO-AjNU
008 230606s9999||||xx |||||||||||||| ||und||
020 _a978-81-318-0776-7
040 _aJO-AjNU
_beng
_erda
_cJO-AjNU
041 _aeng
050 1 4 _aQA37.2.2009
100 3 _aSivaiah,S,
_eauthor
_93841
245 0 0 _aMathematical Methods
264 3 1 _aUniversity Science press:london,2009
300 _a600p
336 _atext
_btxt
_2rdacontent
337 _aunmediated
_bn
_2rdamedia
338 _avolume
_bnc
_2rdacarrier
650 4 _aMathematical Methods
_93842
999 _aE2003
_c2003
_d2003